| 000 | 00556nam a2200157 4500 | ||
|---|---|---|---|
| 001 | 132676 | ||
| 003 | ES-MaACL | ||
| 005 | 20230906194226.0 | ||
| 007 | t| | ||
| 008 | 070214s1909 sp r ||||1| spa d | ||
| 100 | 1 |
_aRoquero y Martínez, José. _999551 |
|
| 245 | 1 | 0 |
_aEnseñanza de la Medicina _b: discurso leído en la solemne apertura del curso de 1909 a 1910 en la Universidad de Sevilla / _cJosé Roquero y Martínez. |
| 260 |
_aSevilla : _bPapelería Sevillana, _c1909. |
||
| 710 | 2 |
_aUniversidad de Sevilla. _97301 |
|
| 852 |
_aES-MaACL _jT-1183-F-2 |
||
| 999 |
_c132676 _d132676 |
||